000 00251nam a2200109Ia 4500
008 240625s9999 xx 000 0 und d
041 _aeng
082 _a302.35 ROB
100 _aROBBINS STEPHEN P
245 _aORGANIZATIONAL BEHAVIOR
260 _c2017
999 _c38837
_d38837